Cinem(A) architecture fiction to reality / (Record no. 25308)

MARC details
000 -LEADER
fixed length control field 00740ntm a22002057a 4500
005 - DATE AND TIME OF LATEST TRANSACTION
control field 20170809113804.0
008 - FIXED-LENGTH DATA ELEMENTS--GENERAL INFORMATION
fixed length control field 170802s2011 xx a frb 000 0 eng d
040 ## - CATALOGING SOURCE
Original cataloging agency EG-ScBUE
Language of cataloging eng
Transcribing agency EG-ScBUE
082 04 - DEWEY DECIMAL CLASSIFICATION NUMBER
Edition number 22
Classification number 624
Item number ALI
100 1# - MAIN ENTRY--PERSONAL NAME
Personal name Ali, Nouran M.
245 10 - TITLE STATEMENT
Title Cinem(A) architecture fiction to reality /
Statement of responsibility, etc by Nouran M. ali.
260 ## - PUBLICATION, DISTRIBUTION, ETC. (IMPRINT)
Date of publication, distribution, etc 2011
300 ## - PHYSICAL DESCRIPTION
Extent xi, 59 p. :
Other physical details ill ;
Dimensions 28 cm.
500 ## - GENERAL NOTE
General note A dissertation submitted to the faculty of engineering. the British university in Egypt, in partial Fulfillment of the requirements for the bachelor degree in Architectural Engineering<br/>
590 ## - LOCAL NOTE (RLIN)
Local note karima
650 #7 - SUBJECT ADDED ENTRY--TOPICAL TERM
Source of heading or term BUEsh
Topical term or geographic name as entry element Architectural Engineering
Form subdivision Projects
653 ## - INDEX TERM--UNCONTROLLED
Resource For college Engineering, Architecture
Arrived date list August2017
655 ## - INDEX TERM--GENRE/FORM
Form subdivision
942 ## - ADDED ENTRY ELEMENTS (KOHA)
Source of classification or shelving scheme Dewey Decimal Classification
Holdings
Withdrawn status Lost status Source of classification or shelving scheme Damaged status Not for loan Home library Current library Shelving location Date acquired Total Checkouts Full call number Barcode Date last seen Koha item type
    Dewey Decimal Classification     Central Library Central Library Second Floor 08/08/2017   624 ALI 000046618 15/07/2025 Projects - Students (NB)